|
|
|
|
| LEADER |
00000nam0a2200000 4500 |
| 001 |
95564 |
| 005 |
20231031110208.0 |
| 035 |
|
|
|a (RuTPU)RU\TPU\book\102326
|
| 090 |
|
|
|a 95564
|
| 100 |
|
|
|a 20060428d1979 km y0rusy50 ca
|
| 101 |
0 |
|
|a rus
|
| 102 |
|
|
|a RU
|
| 105 |
|
|
|a a z 001zy
|
| 200 |
1 |
|
|a Методологические проблемы статистической физики и термодинамики
|f И. П. Базаров
|
| 210 |
|
|
|a Москва
|c Изд-во МГУ
|d 1979
|
| 215 |
|
|
|a 87 с.
|c ил.
|
| 320 |
|
|
|a Библиогр.: с. 85-87.
|
| 610 |
1 |
|
|a термодинамика
|
| 610 |
1 |
|
|a статистическая физика
|
| 610 |
1 |
|
|a динамика
|
| 610 |
1 |
|
|a статистика
|
| 610 |
1 |
|
|a релятивистская термодинамика
|
| 610 |
1 |
|
|a библиотека А. Г. Стромберга
|
| 675 |
|
|
|a 530.1
|v 3
|
| 675 |
|
|
|a 536.7
|v 3
|
| 700 |
|
1 |
|a Базаров
|b И. П.
|g Иван Павлович
|
| 801 |
|
1 |
|a RU
|b 63413507
|c 20060428
|g PSBO
|
| 801 |
|
2 |
|a RU
|b 63413507
|c 20171004
|g PSBO
|
| 942 |
|
|
|c BK
|